Argumenta oeconomica

Guardado en:
Detalles Bibliográficos
Formato: Seriadas
Lenguaje:inglés
Publicado: Wroclaw Akademia Ekonomiczna imienia Oskara Langego we Wroclawiu 2003
Materias:
Etiquetas: Agregar Etiqueta
Sin Etiquetas, Sea el primero en etiquetar este registro!

MARC

LEADER 00000nas2a22000001 4500
001 0056813
005 20070509111021.2
022 |a 1233-5835 
041 0 |a eng 
044 |a PL 
245 1 0 |a Argumenta oeconomica 
264 1 |a Wroclaw  |b Akademia Ekonomiczna imienia Oskara Langego we Wroclawiu  |c 2003 
773 0 |w eu_un_cat*s120417 
610 2 0 |a politika hospodárska 
610 2 0 |a politika menová 
610 2 0 |a teórie ekonomické 
610 2 0 |a veda ekonomická